000 00664nam a22002057a 4500
999 _c6052
_d6052
003 AR-CdUCM
008 190313b ||||| |||| 00| 0 spa d
040 _aMUNICIPALIDAD PROVINCIAL DEL CUSCO
_cBIBLIOTECA MUNICIPAL DEL CUSCO
082 _a869.33 /
_bG66
100 _aGonzáles Tuñón, Raúl
_917648
245 _aHimno de Polvora :
_btiempo del Héroe- Poesía de Guerra
260 _aSantiago de Chile :
_bNueva América,
_c1943.
300 _a230 páginas ;
_c27 cm.
500 _aDonación de la familia Nieto
650 _aLiteratura argentina
_984
650 _aPoesía argentina
_91657
650 _aSiglo XX
_98
942 _2ddc
_cLIBROS
945 _araen